header

IT success! (Record no. 67510)

MARC details
000 -LEADER
fixed length control field 01258nam a2200313Ia 4500
100 1# - MAIN ENTRY--AUTHOR NAME
Personal name Gentle, Michael,
245 10 - TITLE STATEMENT
Title IT success!
260 ## - PUBLICATION, DISTRIBUTION, ETC. (IMPRINT)
Place of publication Chichester ;
-- Hoboken, NJ :
Name of publisher John Wiley & Sons,
Year of publication c2007.
300 ## - PHYSICAL DESCRIPTION
Number of Pages xix, 162 p. :
Other physical details ill.
650 #0 - SUBJECT ADDED ENTRY--TOPICAL TERM
Topical Term Information resources management.
Topical Term Information technology
Topical Term Strategic planning.
856 40 - ELECTRONIC LOCATION AND ACCESS
Uniform Resource Identifier http://site.ebrary.com/lib/rucke/Doc?id=10301429

No items available.

© 2026 Rongo University
Contact us: librarian | system librarian | Rongo university